| 000 | 00402nam a22001697a 4500 | ||
|---|---|---|---|
| 003 | SGT | ||
| 020 | _a9789366165585 | ||
| 082 |
_a616.07 _bP25M |
||
| 100 | _aMohan, Harsh | ||
| 245 | _aPractical Pathology for Dental Students | ||
| 250 | _a3rd Ed. | ||
| 260 |
_aNew Delhi, India _bJaypee Publishers _c2025 |
||
| 300 | _a143 | ||
| 650 | _aPathology | ||
| 700 | _aMojgani. Sugandha | ||
| 942 |
_2ddc _cBK |
||
| 999 |
_c32876 _d32876 |
||